| 000 | 00503 a2200193 4500 | ||
|---|---|---|---|
| 003 | OSt | ||
| 005 | 20180116182906.0 | ||
| 008 | 160426b xxu||||| |||| 00| 0 eng d | ||
| 020 | _a614961496149 | ||
| 040 | _c0 | ||
| 082 | _a111 | ||
| 100 | _aChandran,P.Mohan. | ||
| 110 | _aICFAI | ||
| 245 |
_aHuman Resources Accounting in Infosys _cICMR Case Collection |
||
| 250 | _aHROB 031 | ||
| 260 |
_aIndia _bICFAI Center for Management Research _c2003 |
||
| 300 | _a28p | ||
| 942 |
_aNBS _cCS _k111 ICF _2ddc |
||
| 999 |
_c347986 _d347986 |
||